Key studies Psychology. (Record no. 6410)

MARC details
000 -LEADER
fixed length control field 00476nam a22001937a 4500
003 - CONTROL NUMBER IDENTIFIER
control field OSt
005 - DATE AND TIME OF LATEST TRANSACTION
control field 20191211130813.0
008 - FIXED-LENGTH DATA ELEMENTS--GENERAL INFORMATION
fixed length control field 191211b ||||| |||| 00| 0 eng d
020 ## - INTERNATIONAL STANDARD BOOK NUMBER
International Standard Book Number 034072045x
040 ## - CATALOGING SOURCE
Transcribing agency DDC
082 ## - DEWEY DECIMAL CLASSIFICATION NUMBER
Classification number 150 GRO 2003
100 ## - MAIN ENTRY--PERSONAL NAME
Personal name Gross,Richard;
9 (RLIN) 3607
245 ## - TITLE STATEMENT
Title Key studies Psychology.
250 ## - EDITION STATEMENT
Edition statement 3rd ed.
300 ## - PHYSICAL DESCRIPTION
Extent xiii,734p;
Other physical details ill,
Dimensions 26cm.
504 ## - BIBLIOGRAPHY, ETC. NOTE
Bibliography, etc includes references and index<br/>
650 ## - SUBJECT ADDED ENTRY--TOPICAL TERM
Topical term or geographic name as entry element psychology
9 (RLIN) 31
942 ## - ADDED ENTRY ELEMENTS (KOHA)
Source of classification or shelving scheme Dewey Decimal Classification
Koha item type Open Shelf
Holdings
Withdrawn status Lost status Source of classification or shelving scheme Damaged status Not for loan Home library Current library Date acquired Source of acquisition Inventory number Total Checkouts Full call number Barcode Date last seen Price effective from Koha item type
    Dewey Decimal Classification     MUST Main Library MUST Main Library 11/12/2019 Donation 03/20618   150 GRO 2003 2019-0736 11/12/2019 11/12/2019 Open Shelf
    Dewey Decimal Classification     MUST Main Library MUST Main Library 20/01/2020   04/22172   150 GRO 2003 2020-0036 20/01/2020 20/01/2020 Open Shelf
    Dewey Decimal Classification     MUST Main Library MUST Main Library 20/01/2020 Donation 04/22176   150 GRO 2003 2020-0037 20/01/2020 20/01/2020 Open Shelf